000 01483 a2200217 4500
001 43170
005 20260407155715.0
008 260407a1992 arg spa d
003 AR-UNSa-BCEJYS
040 _aAR-UNSa-BCEJYS
_bspa
_cAR-UNSa-BCEJYS
080 _a504.03
_xAspectos sociales y socioeconómicos del impacto del hombre sobre el medio ambiente. Ecología social ( Economía ambiental)
245 1 0 _aLa situación en el mundo 1992
_pun informe del Worldwatch Institute sobre desarrollo y medio ambiente
020 _a950-07-0766-7
264 1 _aBuenos Aires :
_bSudamericana
_c1992
300 _a370 p.
_c22 cm.
505 _a1. La negación en esta década decisiva / Sandra Postel - 2. La conservación de la diversidad biológica / John C. Ryan - 3. Puente hacia un modelo energético sostenible / Christopher Flavin - 4. Haciendo frente a los residuos nucleares / Nicholas Lenssen - 5. La reforma de la economía ganadera / Alan Thein Durning y Holly B. Brough - 6. La mejora de la salud reproductiva de la mujer / Jodi L. Jacobson - 7. La Tierra convertid en una gran mina / John E. Young - 8. Nuevas formas para las ciudades / Marcia D. Lowe - 9. Creación de empleos sostenibles en países industrializados / Michael Renner - 10. Una acción de gobierno global para el medio ambiente / Hilary F. French - 11. La revolución ecológica / Lester R. Brown.
041 _aspa
942 _cBK
590 _aniveau_biblio:m niveau_hierar:0
100 1 _aBrown, Lester R.
999 _c3659
_d3659